[Event "Dyfed Open"]
[Site "?"]
[Date "2018.02.16"]
[Round "1"]
[White "Turner, Matthew J"]
[Black "Buttell, David"]
[Result "1-0"]
[WhiteElo "2536"]
[BlackElo "1782"]
[PlyCount "39"]
[EventDate "2018.??.??"]

1. Nf3 Nf6 2. c4 e6 3. g3 b6 4. Bg2 Bb7 5. O-O Be7 6. d4 O-O 7. d5 exd5 8. Nh4
Re8 9. cxd5 g6 10. d6 Bxg2 11. dxe7 Qxe7 12. Nxg2 Qxe2 13. Qxe2 Rxe2 14. Nc3
Re8 15. Bg5 Ne4 16. Rae1 Nd6 17. Nd5 Rxe1 18. Rxe1 Nc6 19. Nxc7 Rc8 20. Nd5 1-0

[Event "Dyfed Open"]
[Site "?"]
[Date "2018.02.16"]
[Round "1"]
[White "Fowler, Hugo"]
[Black "Williams, A. Howard"]
[Result "1-0"]
[WhiteElo "1786"]
[BlackElo "2274"]
[PlyCount "31"]
[EventDate "2018.??.??"]

1. e4 Nf6 2. e5 Nd5 3. d4 d6 4. c4 Nb6 5. f4 dxe5 6. fxe5 Nc6 7. Be3 Bf5 8. Nf3
e6 9. Be2 Be7 10. O-O O-O 11. Nc3 f6 12. a3 fxe5 13. d5 e4 14. Nd2 exd5 15.
cxd5 Nxd5 16. Nxd5 1-0

[Event "Dyfed Open"]
[Site "?"]
[Date "2018.02.16"]
[Round "1"]
[White "Jones, Iolo C"]
[Black "Jones, Martin C"]
[Result "1-0"]
[WhiteElo "2206"]
[BlackElo "1769"]
[PlyCount "85"]
[EventDate "2018.??.??"]

1. d4 Nf6 2. Nf3 g6 3. c4 Bg7 4. Nc3 O-O 5. g3 d6 6. Bg2 Nbd7 7. O-O c5 8. d5
Nb6 9. Qd3 e5 10. e4 Nh5 11. a4 Nd7 12. Qe2 a6 13. Bg5 f6 14. Bd2 Rf7 15. a5
Rb8 16. Na4 Qf8 17. Ne1 Bh6 18. Bh3 Bxd2 19. Qxd2 Nb6 20. Be6 Nxa4 21. Bxf7+
Qxf7 22. Rxa4 Bh3 23. Ng2 f5 24. f3 Rf8 25. Raa1 Qg7 26. Rfe1 Nf6 27. Qg5 fxe4
28. fxe4 Bg4 29. Qe3 Bh3 30. Rf1 g5 31. Rf2 Qg6 32. Re1 Kg7 33. Qd3 Rb8 34.
Rfe2 b5 35. axb6 Rxb6 36. Qa3 Qe8 37. Ne3 Qb8 38. g4 Kg6 39. Rf2 Rb3 40. Qxa6
Nxe4 41. Rf3 Bxg4 42. Nxg4 Rxf3 43. Nxe5+ 1-0

[Event "Dyfed Open"]
[Site "?"]
[Date "2018.02.16"]
[Round "1"]
[White "Jukes, Sam"]
[Black "Zeidler, Sven P"]
[Result "1/2-1/2"]
[WhiteElo "1762"]
[BlackElo "2165"]
[PlyCount "79"]
[EventDate "2018.??.??"]

1. e4 d5 2. exd5 Qxd5 3. Nc3 Qd8 4. d4 Nf6 5. Nf3 Bg4 6. Be2 e6 7. O-O Be7 8.
Be3 O-O 9. Ne5 Bxe2 10. Qxe2 Nbd7 11. Rfd1 c6 12. a3 Rc8 13. Qf3 Nb6 14. Ne2
Qd5 15. b3 Nbd7 16. c4 Qxf3 17. Nxf3 Rfd8 18. Nc3 Ng4 19. Bf4 Nf8 20. b4 Ng6
21. Bg3 Rd7 22. h3 Nh6 23. Ne5 Nxe5 24. dxe5 Rcd8 25. f4 Rd4 26. Bf2 Rxd1+ 27.
Rxd1 Rxd1+ 28. Nxd1 a5 29. c5 axb4 30. axb4 g5 31. fxg5 Bxg5 32. Be3 Bxe3+ 33.
Nxe3 Nf5 34. Nxf5 exf5 35. Kf2 f6 36. exf6 Kf7 37. Kf3 Kxf6 38. Kf4 h6 39. h4
Ke6 40. g4 1/2-1/2

[Event "Dyfed Open"]
[Site "?"]
[Date "2018.02.16"]
[Round "1"]
[White "James, David J"]
[Black "Owen, Neil"]
[Result "1-0"]
[WhiteElo "2119"]
[BlackElo "1760"]
[PlyCount "67"]
[EventDate "2018.??.??"]

1. d4 f5 2. g3 Nf6 3. Bg2 e6 4. Nd2 Be7 5. e4 fxe4 6. Nxe4 O-O 7. Nh3 Qe8 8.
O-O Nxe4 9. Bxe4 d5 10. Bg2 c5 11. dxc5 Nc6 12. Be3 a5 13. c3 Ne5 14. b4 a4 15.
Nf4 Nc4 16. Nxd5 Nxe3 17. Nxe3 Bf6 18. Qc2 g6 19. Nc4 Ra6 20. Rad1 Qe7 21. Nd6
a3 22. Rd3 Bd7 23. b5 Bxb5 24. Nxb5 Qxc5 25. Nd4 Rb6 26. Nxe6 Qb5 27. Nxf8 Kxf8
28. Bd5 h5 29. Bb3 h4 30. Rd5 Qe8 31. Qd2 Qe4 32. Re1 Qg4 33. Qh6+ Bg7 34. Rd8#
1-0

[Event "Dyfed Open"]
[Site "?"]
[Date "2018.02.16"]
[Round "1"]
[White "Whale, Michael"]
[Black "Richmond, Jane"]
[Result "1/2-1/2"]
[WhiteElo "1743"]
[BlackElo "2097"]
[PlyCount "74"]
[EventDate "2018.??.??"]

1. e4 e5 2. Nf3 Nc6 3. Bb5 Nge7 4. d4 exd4 5. Nxd4 Nxd4 6. Qxd4 a6 7. Be2 Nc6
8. Qe3 Bb4+ 9. c3 Ba5 10. Qg3 Qf6 11. Bf4 d6 12. Nd2 b5 13. O-O O-O 14. Bg5 Qg6
15. f4 f6 16. Bh4 Bb6+ 17. Kh1 Bb7 18. Qxg6 hxg6 19. a4 Be3 20. Nb3 g5 21. fxg5
fxg5 22. Bg3 Ne5 23. Bxe5 dxe5 24. axb5 axb5 25. Rxa8 Bxa8 26. Bxb5 Rxf1+ 27.
Bxf1 Bxe4 28. Na5 Kf7 29. Nc4 Bf4 30. Kg1 Ke6 31. g3 Bc1 32. Kf2 Bg6 33. Bh3+
Kd5 34. Ne3+ Kd6 35. Nc4+ Kd5 36. Ne3+ Kd6 37. Nc4+ Kd5 1/2-1/2

[Event "Dyfed Open"]
[Site "?"]
[Date "2018.02.16"]
[Round "1"]
[White "May, Frank"]
[Black "Greatorex, Roger"]
[Result "1-0"]
[WhiteElo "2096"]
[BlackElo "1722"]
[PlyCount "51"]
[EventDate "2018.??.??"]

1. Nf3 d5 2. e3 c6 3. c4 e6 4. Nc3 Nf6 5. d4 Ne4 6. Nxe4 dxe4 7. Nd2 Bb4 8. Qg4
O-O 9. Qxe4 f5 10. Qd3 f4 11. a3 Ba5 12. b4 fxe3 13. fxe3 Bc7 14. Nf3 Rxf3 15.
gxf3 Qh4+ 16. Kd1 Qf6 17. Be2 a5 18. Bb2 Na6 19. f4 axb4 20. axb4 Nxb4 21. Rxa8
Nxd3 22. Rxc8+ Bd8 23. Bxd3 Qe7 24. Kc2 Qd7 25. Ra8 g6 26. h4 1-0

[Event "Dyfed Open"]
[Site "?"]
[Date "2018.02.16"]
[Round "1"]
[White "Thomas, Roy"]
[Black "Waddington, Mike P"]
[Result "0-1"]
[WhiteElo "1706"]
[BlackElo "2086"]
[PlyCount "90"]
[EventDate "2018.??.??"]

1. f4 f5 2. b3 Nf6 3. Bb2 g6 4. Nf3 Bg7 5. e3 O-O 6. Be2 d6 7. O-O Nc6 8. d3 a5
9. a4 Qe8 10. e4 e5 11. fxe5 Ng4 12. Bc1 Ncxe5 13. Ra2 Nxf3+ 14. gxf3 Bd4+ 15.
Kg2 Ne3+ 16. Bxe3 Bxe3 17. Qe1 Qe7 18. Nc3 c6 19. Nd1 Bf4 20. Kh1 Bd7 21. Rg1
d5 22. Bf1 Rfe8 23. Bg2 Qg5 24. c3 Qh5 25. Bf1 fxe4 26. dxe4 Qxf3+ 27. Rag2
Rxe4 28. Be2 Rae8 29. Bxf3 Rxe1 30. Rxe1 Rxe1+ 31. Rg1 Rxg1+ 32. Kxg1 Bf5 33.
b4 Bc2 34. bxa5 Bxa4 35. Be2 Bd2 36. Nb2 Bb3 37. a6 bxa6 38. Bxa6 Bxc3 39. Nd3
Kf8 40. Kf1 Ke7 41. Nf4 Be5 42. Ne2 Bxh2 43. Nd4 Ba4 44. Bc8 c5 45. Nf3 Bf4 0-1

[Event "Dyfed Open"]
[Site "?"]
[Date "2018.02.16"]
[Round "1"]
[White "Heap, Gerry"]
[Black "Francis, Matthew"]
[Result "1-0"]
[WhiteElo "2086"]
[BlackElo "1694"]
[PlyCount "45"]
[EventDate "2018.??.??"]

1. c4 e6 2. g3 d5 3. Bg2 Nf6 4. Nf3 c5 5. O-O Be7 6. cxd5 exd5 7. d4 O-O 8. Nc3
Nc6 9. dxc5 d4 10. Na4 Be6 11. b3 Qd7 12. Bb2 Ne4 13. Nxd4 Nxc5 14. Nxc6 bxc6
15. Nxc5 Bxc5 16. Qc2 Qe7 17. Rac1 Ba3 18. Qc3 f6 19. Bxa3 Qxa3 20. Qxc6 Rae8
21. Rc2 Bf5 22. Rd2 Rc8 23. Qd5+ 1-0

[Event "Dyfed Open"]
[Site "?"]
[Date "2018.02.16"]
[Round "1"]
[White "Van Kemenade, Julie"]
[Black "Brown, Thomas"]
[Result "1-0"]
[WhiteElo "1692"]
[BlackElo "2085"]
[PlyCount "87"]
[EventDate "2018.??.??"]

1. e4 c6 2. d3 g6 3. Nf3 Bg7 4. g3 d5 5. Qe2 Bg4 6. Bg2 Nf6 7. Nbd2 Na6 8. h3
Nb4 9. Nf1 Bxf3 10. Bxf3 a5 11. a3 Na6 12. Nd2 O-O 13. O-O Nc5 14. Bg2 dxe4 15.
dxe4 e5 16. Nc4 Qc7 17. Bg5 b5 18. Bxf6 Bxf6 19. Ne3 Ne6 20. c3 Rfd8 21. h4 h5
22. Qf3 Be7 23. Bh3 Nc5 24. Rad1 Rxd1 25. Rxd1 Rd8 26. b4 Na4 27. Rxd8+ Qxd8
28. g4 axb4 29. cxb4 Bxh4 30. gxh5 Qg5+ 31. Ng2 gxh5 32. Kh2 Nb6 33. Qe2 Nc4
34. a4 Nd6 35. a5 Qf6 36. Bf5 Nxf5 37. exf5 e4 38. a6 Bg5 39. Qxe4 c5 40. Qe8+
Kg7 41. a7 Qd6+ 42. Kh3 Qd3+ 43. Ne3 Qb1 44. a8=Q 1-0

[Event "Dyfed Open"]
[Site "?"]
[Date "2018.02.16"]
[Round "1"]
[White "Young, Alan"]
[Black "Howell, Alun"]
[Result "1-0"]
[WhiteElo "2036"]
[BlackElo "1691"]
[PlyCount "65"]
[EventDate "2018.??.??"]

1. e4 c5 2. Nf3 d6 3. d4 cxd4 4. Nxd4 Nf6 5. Nc3 a6 6. h3 g6 7. g4 Bg7 8. Be3
Nc6 9. Bg2 O-O 10. O-O Bd7 11. a4 Qc7 12. g5 Ne8 13. Nd5 Qd8 14. Nxc6 Bxc6 15.
c3 b5 16. axb5 Bxb5 17. Re1 e6 18. Nb4 a5 19. Nc2 Rb8 20. Nd4 Qc7 21. Nxb5 Rxb5
22. Qd2 f6 23. h4 fxg5 24. hxg5 Rf7 25. Reb1 Rd7 26. Ra4 d5 27. Qd3 Qb7 28.
exd5 exd5 29. c4 Rxb2 30. Rxb2 Qxb2 31. cxd5 Nc7 32. d6 Nb5 33. Qc4+ 1-0

[Event "Dyfed Open"]
[Site "?"]
[Date "2018.02.16"]
[Round "1"]
[White "Morgans, Justin"]
[Black "Musson, Adam J"]
[Result "0-1"]
[WhiteElo "1668"]
[BlackElo "2020"]
[PlyCount "84"]
[EventDate "2018.??.??"]

1. f4 d5 2. Nf3 Nc6 3. c3 Nf6 4. e3 g6 5. d4 Bg7 6. Be2 O-O 7. O-O b6 8. Ne5
Bb7 9. Nd2 e6 10. Ndf3 Ne7 11. Bd2 Ne4 12. Bd3 f6 13. Ng4 Qd7 14. Nf2 Rae8 15.
Qc2 f5 16. Rae1 c5 17. Ne5 Bxe5 18. fxe5 Rc8 19. Nh3 Nc6 20. Bxe4 fxe4 21. Qa4
Nxe5 22. Qxd7 Nxd7 23. Ng5 Ba6 24. Rf4 Rxf4 25. exf4 Nf8 26. Be3 h6 27. Nh3 Kg7
28. Kf2 Nd7 29. g4 Bd3 30. Kg3 Rf8 31. Nf2 c4 32. h4 b5 33. h5 gxh5 34. gxh5
Rf5 35. Kh4 Nf6 36. Rg1+ Kh7 37. Ng4 Nxh5 38. Rh1 Be2 39. Rh2 Bf3 40. Ne5 Nxf4
41. Nxf3 Ng6+ 42. Kg3 Rxf3+ 0-1

[Event "Dyfed Open"]
[Site "?"]
[Date "2018.02.16"]
[Round "1"]
[White "French, Max"]
[Black "Di-Vetta, Andrew"]
[Result "1-0"]
[WhiteElo "1997"]
[BlackElo "1665"]
[PlyCount "65"]
[EventDate "2018.??.??"]

1. d4 e6 2. c4 Nf6 3. Nf3 b6 4. a3 Bb7 5. Nc3 Be7 6. d5 O-O 7. e4 exd5 8. cxd5
d6 9. Bc4 Nbd7 10. O-O Qc8 11. Nd4 Ne5 12. Be2 Re8 13. f4 Ng6 14. Bb5 Rd8 15.
Nc6 Bxc6 16. Bxc6 Rb8 17. Qc2 a6 18. Ne2 Qg4 19. Nd4 Bf8 20. Rf3 Ne7 21. Rg3
Qc8 22. Bd2 Ne8 23. Rc1 Nf6 24. Bc3 Nh5 25. Rf3 g6 26. h3 Ng7 27. f5 gxf5 28.
exf5 f6 29. Re1 Kf7 30. Ne6 Nxc6 31. dxc6 Re8 32. Qb3 Nxe6 33. fxe6+ 1-0

[Event "Dyfed Open"]
[Site "?"]
[Date "2018.02.16"]
[Round "1"]
[White "Jones, Gavin"]
[Black "Van Kemenade, Rudy"]
[Result "0-1"]
[WhiteElo "1658"]
[BlackElo "1981"]
[PlyCount "48"]
[EventDate "2018.??.??"]

1. e4 e5 2. Nf3 Nf6 3. Nxe5 d6 4. Nf3 Nxe4 5. d4 d5 6. Bd3 Nc6 7. O-O Bg4 8.
Re1 f5 9. Nbd2 Be7 10. c4 Nb4 11. Bxe4 dxe4 12. Qa4+ c6 13. Nxe4 Bxf3 14. Ng5
Be4 15. Nxe4 fxe4 16. Rxe4 O-O 17. Qb3 Qd7 18. a3 Na6 19. Bf4 Bf6 20. Rd1 Rad8
21. Qg3 Nc5 22. Ree1 Ne6 23. Bc1 Nxd4 24. c5 Ne2+ 0-1

[Event "Dyfed Open"]
[Site "?"]
[Date "2018.02.16"]
[Round "1"]
[White "Miles, Richard"]
[Black "Denham, Colin"]
[Result "1-0"]
[WhiteElo "1960"]
[BlackElo "1653"]
[PlyCount "71"]
[EventDate "2018.??.??"]

1. d4 Nf6 2. c4 e6 3. Nf3 d6 4. g3 c6 5. Bg2 d5 6. Qc2 Nbd7 7. O-O Be7 8. b3
Nf8 9. Bb2 Ng6 10. Nbd2 O-O 11. e4 dxe4 12. Nxe4 Nxe4 13. Qxe4 Bf6 14. Rad1 Qc7
15. h4 Rd8 16. h5 Nf8 17. Ne5 Qa5 18. Qc2 Nd7 19. Bc3 Qc7 20. Ng4 Be7 21. h6 g6
22. Rfe1 f5 23. Nh2 Nf6 24. Qb2 Rf8 25. d5 cxd5 26. cxd5 exd5 27. Be5 Qb6 28.
Bxd5+ Nxd5 29. Rxd5 Be6 30. Bd4 Qc6 31. Rde5 Rf6 32. Qe2 Kf7 33. Nf3 Bb4 34.
Ng5+ Kg8 35. Rxe6 Rxe6 36. Qxe6+ 1-0

[Event "Dyfed Open"]
[Site "?"]
[Date "2018.02.16"]
[Round "1"]
[White "Miller, John S"]
[Black "Bourne, Johnathan D"]
[Result "0-1"]
[WhiteElo "1648"]
[BlackElo "1957"]
[PlyCount "90"]
[EventDate "2018.??.??"]

1. d4 Nf6 2. Bf4 g6 3. Nf3 Bg7 4. e3 c5 5. c3 b6 6. Nbd2 Bb7 7. h3 O-O 8. Be2
d5 9. O-O Nc6 10. Re1 Nd7 11. Bb5 a6 12. Ba4 b5 13. Bc2 e5 14. dxe5 Ndxe5 15.
e4 d4 16. cxd4 cxd4 17. Nxe5 Nxe5 18. Bxe5 Bxe5 19. Bd3 Re8 20. Rf1 Qd6 21. Qe2
f5 22. f3 Bf4 23. Rfe1 Rac8 24. Rad1 Re7 25. a4 bxa4 26. Nc4 Qf6 27. Qc2 Qh4
28. Qf2 Bg3 29. Qxd4 Bxe1 30. Nd6 Bf2+ 31. Qxf2 Qxf2+ 32. Kxf2 Rb8 33. exf5 Bc6
34. f6 Rxb2+ 35. Kg3 Re5 36. h4 Bd5 37. Rc1 Rb8 38. Rc7 Re6 39. f7+ Kf8 40. Ne4
Re7 41. Rc5 Bxf7 42. Ra5 Rb3 43. Nc5 Rc3 44. Bxa6 Ra7 45. Rxa4 Rxc5 0-1

[Event "Dyfed Open"]
[Site "?"]
[Date "2018.02.16"]
[Round "1"]
[White "May, Adam J"]
[Black "Andrews, Norman G"]
[Result "1-0"]
[WhiteElo "1951"]
[BlackElo "1642"]
[PlyCount "83"]
[EventDate "2018.??.??"]

1. c4 Nf6 2. g3 e6 3. Bg2 d5 4. Nf3 c6 5. O-O Bd6 6. d4 O-O 7. Nc3 dxc4 8. Nd2
Nd5 9. Nxc4 Nxc3 10. bxc3 Bc7 11. a4 a5 12. e4 Nd7 13. e5 Nb6 14. Nd2 f5 15.
exf6 Qxf6 16. Ne4 Qg6 17. Ng5 Qf6 18. Be4 g6 19. Bd3 Nd5 20. Qc2 Ne7 21. Ne4
Qg7 22. Ba3 b6 23. Rfe1 Bd7 24. Rab1 Nc8 25. Bxf8 Qxf8 26. Bc4 Ne7 27. Qd2 Nd5
28. Qg5 Bd8 29. Qd2 Bc7 30. Ng5 Re8 31. Re2 Qh6 32. Rbe1 Nxc3 33. Qxc3 Qxg5 34.
Bxe6+ Rxe6 35. Rxe6 Bxe6 36. Rxe6 Qg4 37. Qc4 Kf8 38. Rf6+ Ke7 39. Qf7+ Kd8 40.
Qf8+ Kd7 41. Rf7+ Ke6 42. Qc8+ 1-0

[Event "Dyfed Open"]
[Site "?"]
[Date "2018.02.16"]
[Round "1"]
[White "Orton, Paul"]
[Black "Waterfield, John W"]
[Result "0-1"]
[WhiteElo "1608"]
[BlackElo "1919"]
[PlyCount "84"]
[EventDate "2018.??.??"]

1. d4 g6 2. Bf4 Bg7 3. Nc3 d6 4. e4 Nd7 5. Nf3 Ngf6 6. Qd2 a6 7. a4 b6 8. e5
Ng4 9. exd6 cxd6 10. h3 Ngf6 11. Bh6 O-O 12. Bxg7 Kxg7 13. Bd3 e5 14. dxe5 dxe5
15. Ne4 Bb7 16. Qe2 Nxe4 17. Bxe4 Bxe4 18. Qxe4 f5 19. Qe3 Qc7 20. c3 Rfe8 21.
O-O Qc5 22. Rfe1 e4 23. Qxc5 Nxc5 24. Nd4 Rac8 25. Re2 Kf6 26. g3 Nd3 27. Rd1
Re5 28. f3 exf3 29. Rxe5 Nxe5 30. Kf2 Rd8 31. b3 g5 32. Ke3 g4 33. hxg4 fxg4
34. Rh1 Rd7 35. Rh6+ Ng6 36. Kf2 Kg5 37. Rh1 Re7 38. Rg1 h5 39. Rh1 h4 40.
gxh4+ Nxh4 41. Rg1 Kf4 42. Rh1 g3+ 0-1

[Event "Dyfed Open"]
[Site "?"]
[Date "2018.02.16"]
[Round "1"]
[White "Morcom, Huw"]
[Black "Probert, Malcolm"]
[Result "1-0"]
[WhiteElo "1913"]
[BlackElo "1601"]
[PlyCount "65"]
[EventDate "2018.??.??"]

1. e4 g6 2. d4 Bg7 3. Nf3 c6 4. Be2 d5 5. Nbd2 Nh6 6. O-O O-O 7. h3 f6 8. c4
dxe4 9. Nxe4 Nf7 10. Be3 Nd7 11. Qd2 e5 12. dxe5 Ndxe5 13. Rad1 Nxf3+ 14. Bxf3
Qxd2 15. Rxd2 f5 16. Nd6 Nxd6 17. Rxd6 Be5 18. Rd2 Be6 19. b3 Kf7 20. Bc5 Rfe8
21. Rfd1 Bf6 22. Rd7+ Bxd7 23. Rxd7+ Be7 24. Rxb7 Kf8 25. Bxa7 Rec8 26. a4 c5
27. Rxe7 Kxe7 28. Bxa8 Rxa8 29. Bxc5+ Ke6 30. f4 Kd7 31. Bb6 Kc6 32. a5 Rd8 33.
Bxd8 1-0

[Event "Dyfed Open"]
[Site "?"]
[Date "2018.02.16"]
[Round "1"]
[White "Hurn, Robert AJ"]
[Black "Taylor, Robert Graham"]
[Result "1/2-1/2"]
[WhiteElo "1592"]
[BlackElo "1906"]
[PlyCount "45"]
[EventDate "2018.??.??"]

1. d4 Nf6 2. c4 g6 3. f3 Bg7 4. e4 d6 5. Nc3 O-O 6. Be3 Nbd7 7. Nh3 e5 8. d5
Nc5 9. Nf2 Ne8 10. g4 a5 11. Qd2 Bd7 12. Nd3 b6 13. Nxc5 dxc5 14. Bd3 Nd6 15.
O-O-O Qe7 16. h4 a4 17. h5 f6 18. hxg6 hxg6 19. Qh2 Kf7 20. Qg2 Rh8 21. Rxh8
Rxh8 22. Rh1 Qf8 23. Rh2 1/2-1/2

[Event "Dyfed Open"]
[Site "?"]
[Date "2018.02.16"]
[Round "1"]
[White "Moore, Robert"]
[Black "Jansen Van Rensburg, Leon"]
[Result "1-0"]
[WhiteElo "1840"]
[BlackElo "1528"]
[PlyCount "75"]
[EventDate "2018.??.??"]

1. Nf3 d6 2. d4 Nf6 3. Nbd2 g6 4. e4 Bg7 5. Bd3 Nbd7 6. O-O O-O 7. c3 e5 8.
dxe5 Nxe5 9. Nxe5 dxe5 10. Qe2 a6 11. Rd1 Qe7 12. Nf1 b5 13. f3 Be6 14. Be3 c5
15. b3 Rac8 16. c4 b4 17. a3 a5 18. axb4 axb4 19. Qf2 Nd7 20. Ra7 Qd6 21. Bc2
Qc6 22. Rda1 Ra8 23. Rxa8 Rxa8 24. Rxa8+ Qxa8 25. Bxc5 Nxc5 26. Qxc5 Qa2 27.
Qf2 Bxc4 28. bxc4 b3 29. Bd3 b2 30. Qc2 Bh6 31. c5 Qa1 32. Qb1 Bc1 33. Kf2 Qa5
34. Qc2 Kf8 35. c6 Qc7 36. Qc5+ Ke8 37. Ne3 Kd8 38. Qf8# 1-0

[Event "Dyfed Open"]
[Site "?"]
[Date "2018.02.16"]
[Round "1"]
[White "Jones, Dewi"]
[Black "Haigh, Tony"]
[Result "1/2-1/2"]
[WhiteElo "1512"]
[BlackElo "1799"]
[PlyCount "33"]
[EventDate "2018.??.??"]

1. e4 Nf6 2. e5 Nd5 3. d4 d6 4. Nf3 c6 5. Bc4 Bg4 6. Bf4 Nxf4 7. Bxf7+ Kd7 8.
h3 Bxf3 9. Qxf3 Qa5+ 10. Nc3 Nd5 11. Bxd5 cxd5 12. O-O-O Nc6 13. Nxd5 Re8 14.
Qf5+ e6 15. Qf7+ Kd8 16. Qxb7 Qxd5 17. Qa8+ 1/2-1/2

[Event "Dyfed Open"]
[Site "?"]
[Date "2018.02.17"]
[Round "2"]
[White "Van Kemenade, Rudy"]
[Black "Turner, Matthew J"]
[Result "0-1"]
[WhiteElo "1981"]
[BlackElo "2536"]
[PlyCount "34"]
[EventDate "2018.??.??"]

1. e4 e5 2. Nf3 Nc6 3. Bc4 Bc5 4. c3 Nf6 5. d3 d6 6. h3 Bb6 7. Bb3 h6 8. Nbd2
O-O 9. Nf1 Nh5 10. g4 Nf4 11. Ng3 Be6 12. Bc2 Re8 13. Bxf4 exf4 14. Ne2 Ne5 15.
Nxf4 Qf6 16. Nxe5 dxe5 17. Nxe6 Qxf2# 0-1

[Event "Dyfed Open"]
[Site "?"]
[Date "2018.02.17"]
[Round "2"]
[White "Miles, Richard"]
[Black "Jones, Iolo C"]
[Result "0-1"]
[WhiteElo "1960"]
[BlackElo "2206"]
[PlyCount "136"]
[EventDate "2018.??.??"]

1. Nf3 Nf6 2. c4 e6 3. g3 b6 4. Bg2 Bb7 5. O-O c5 6. Nc3 d5 7. d4 dxc4 8. Qa4+
Nbd7 9. Qxc4 Qc8 10. Rd1 cxd4 11. Qxc8+ Rxc8 12. Nxd4 Bxg2 13. Kxg2 a6 14. Nb3
Be7 15. Bf4 e5 16. Be3 Ng4 17. Bc1 Ngf6 18. Be3 Rc6 19. Rac1 Bd8 20. Nd5 Rxc1
21. Nxf6+ Nxf6 22. Rxc1 Kd7 23. h3 Nd5 24. Bd2 Be7 25. a3 a5 26. Kf3 a4 27. Na1
b5 28. Nc2 Rc8 29. Ne3 Rxc1 30. Bxc1 Nb6 31. Ke4 Ke6 32. Kd3 Bc5 33. Kc3 f5 34.
Nd1 Nd5+ 35. Kc2 Kd6 36. Kd3 e4+ 37. Kc2 Bd4 38. b3 Bc5 39. e3 Kc6 40. Nc3 Nb6
41. Ne2 axb3+ 42. Kxb3 Nc4 43. h4 g6 44. Bb2 Nd2+ 45. Kc2 Nf3 46. Nf4 Bd6 47.
Nh3 Kd5 48. Kb3 Nd2+ 49. Kc2 Nc4 50. Kb3 Nxb2 51. Kxb2 Kc4 52. Ng5 Be7 53. Ne6
Kd3 54. Nf4+ Kd2 55. Nd5 Bd6 56. Kb3 Ke1 57. Nc3 Kxf2 58. Nxb5 Bc5 59. a4 Bxe3
60. a5 Kxg3 61. Kc4 f4 62. Nd4 Bxd4 63. Kxd4 e3 64. a6 e2 65. a7 e1=Q 66. a8=Q
Qe3+ 67. Kc4 f3 68. Qa1 f2 0-1

[Event "Dyfed Open"]
[Site "?"]
[Date "2018.02.17"]
[Round "2"]
[White "Bourne, Johnathan D"]
[Black "James, David J"]
[Result "1/2-1/2"]
[WhiteElo "1957"]
[BlackElo "2119"]
[PlyCount "28"]
[EventDate "2018.??.??"]

1. e4 c5 2. Nc3 a6 3. g3 b5 4. Bg2 Bb7 5. Nge2 e6 6. O-O d5 7. exd5 exd5 8. d4
b4 9. Na4 c4 10. Re1 Be7 11. b3 cxb3 12. axb3 Nf6 13. c4 bxc3 14. Nexc3 O-O
1/2-1/2

[Event "Dyfed Open"]
[Site "?"]
[Date "2018.02.17"]
[Round "2"]
[White "May, Adam J"]
[Black "May, Frank"]
[Result "1/2-1/2"]
[WhiteElo "1951"]
[BlackElo "2096"]
[PlyCount "69"]
[EventDate "2018.??.??"]

1. c4 e6 2. g3 Nf6 3. Bg2 d5 4. Nf3 Be7 5. O-O O-O 6. b3 c6 7. Bb2 Nbd7 8. d3
Re8 9. Nbd2 Bf8 10. Qc2 a5 11. a3 b5 12. e4 bxc4 13. bxc4 dxe4 14. dxe4 e5 15.
Rfe1 Qc7 16. h3 Rb8 17. Bc3 Nc5 18. Rab1 Rxb1 19. Rxb1 Nfd7 20. Bf1 Bd6 21. Kg2
Qd8 22. Rd1 a4 23. Be2 Qe7 24. Nh4 g6 25. Nhf3 h6 26. Bb2 Kh7 27. Bc3 Qe6 28.
Kh2 Bf8 29. Bf1 Bg7 30. Bb2 Qe7 31. Bc3 Qd8 32. Bb4 Qc7 33. Bc3 Nf8 34. Rb1
Nfe6 35. Qb2 1/2-1/2

[Event "Dyfed Open"]
[Site "?"]
[Date "2018.02.17"]
[Round "2"]
[White "Waddington, Mike P"]
[Black "Morcom, Huw"]
[Result "1-0"]
[WhiteElo "2086"]
[BlackElo "1913"]
[PlyCount "91"]
[EventDate "2018.??.??"]

1. c4 Nf6 2. Nc3 g6 3. g3 Bg7 4. Bg2 O-O 5. b4 c6 6. Rb1 d5 7. cxd5 cxd5 8. d4
Bf5 9. Rb3 Nc6 10. Nf3 Ne4 11. a3 Rc8 12. Bb2 a5 13. O-O axb4 14. axb4 Nxb4 15.
Nxe4 dxe4 16. Rxb4 exf3 17. Bxf3 Qa5 18. Rxb7 Bc2 19. Qa1 Qd8 20. Rc1 e6 21.
Qa7 g5 22. e3 Bf5 23. Rxc8 Qxc8 24. Ba3 Bh3 25. Rc7 Qb8 26. Qb7 Qxb7 27. Bxb7
Rb8 28. Bc5 h6 29. f3 Bf5 30. e4 Bg6 31. Kf2 Rd8 32. Ke3 Bf6 33. f4 Rb8 34.
Rc8+ Rxc8 35. Bxc8 Bd8 36. Bb7 f6 37. e5 Kf7 38. d5 exd5 39. Bxd5+ Ke8 40. e6
Be7 41. Bc6+ Kf8 42. Bb6 Bf5 43. Bd7 gxf4+ 44. Kxf4 Bh3 45. Ke4 Bb4 46. e7+ 1-0

[Event "Dyfed Open"]
[Site "?"]
[Date "2018.02.17"]
[Round "2"]
[White "Waterfield, John W"]
[Black "Heap, Gerry"]
[Result "0-1"]
[WhiteElo "1919"]
[BlackElo "2086"]
[PlyCount "108"]
[EventDate "2018.??.??"]

1. e4 g6 2. d4 Bg7 3. Nc3 c5 4. Nf3 cxd4 5. Nxd4 Nc6 6. Be3 d6 7. Be2 Nf6 8. f4
O-O 9. Nb3 Be6 10. g4 Na5 11. g5 Nd7 12. Bd4 Nxb3 13. axb3 Bxd4 14. Qxd4 Qb6
15. Qxb6 Nxb6 16. O-O a6 17. f5 Bd7 18. Rad1 gxf5 19. exf5 f6 20. gxf6 Rxf6 21.
Bf3 Bxf5 22. Bxb7 Bxc2 23. Rxf6 Bxd1 24. Rf4 Ra7 25. Bxa6 Bxb3 26. Rb4 Rxa6 27.
Rxb3 d5 28. Kf2 Kf7 29. Nb5 Nc4 30. Nc7 Rf6+ 31. Ke2 Rh6 32. h3 e6 33. Rf3+ Ke7
34. b4 d4 35. b5 e5 36. Nd5+ Ke6 37. Nc7+ Kd6 38. Na6 e4 39. Rg3 Rf6 40. Nb4
Kc5 41. Rb3 Rg6 42. Ke1 Kxb5 43. Nd3+ Kc6 44. Rb4 exd3 45. Rxc4+ Kd5 46. Rc7
Rg1+ 47. Kd2 Rg2+ 48. Kd1 h5 49. Rd7+ Ke4 50. Re7+ Kf3 51. Rd7 d2 52. Rxd4 Ke3
53. Rd8 Rg1+ 54. Kc2 Rc1+ 0-1

[Event "Dyfed Open"]
[Site "?"]
[Date "2018.02.17"]
[Round "2"]
[White "Moore, Robert"]
[Black "Young, Alan"]
[Result "1/2-1/2"]
[WhiteElo "1840"]
[BlackElo "2036"]
[PlyCount "105"]
[EventDate "2018.??.??"]

1. Nf3 d5 2. d4 Nf6 3. e3 Bg4 4. Bd3 e6 5. O-O Nbd7 6. Nbd2 c6 7. Qe2 Bd6 8. e4
dxe4 9. Nxe4 Nxe4 10. Bxe4 Nf6 11. Bg5 h6 12. Bxf6 Qxf6 13. c3 O-O 14. h3 Bh5
15. Rfe1 a5 16. a4 Rfd8 17. g4 Bg6 18. Kg2 Rd7 19. Bxg6 Qxg6 20. Ne5 Bxe5 21.
Qxe5 Rd5 22. Qe4 Qxe4+ 23. Rxe4 Rad8 24. Rae1 b5 25. axb5 cxb5 26. Kf3 Kf8 27.
Ke3 Rc8 28. Kd3 Ke7 29. Re5 Kd6 30. f4 g5 31. f5 Rxe5 32. Rxe5 Rb8 33. fxe6
fxe6 34. Rc5 a4 35. Re5 b4 36. c4 a3 37. Ra5 axb2 38. Kc2 Rc8 39. Ra6+ Ke7 40.
c5 Rd8 41. Ra7+ Kf8 42. Rh7 Rxd4 43. Rxh6 Kf7 44. Kxb2 Rc4 45. Kb3 Rxc5 46.
Kxb4 Rd5 47. Kc4 Rd8 48. h4 gxh4 49. Rxh4 Kg6 50. Rh5 Rf8 51. Re5 Rf4+ 52. Kd3
Kf6 53. Re4 1/2-1/2

[Event "Dyfed Open"]
[Site "?"]
[Date "2018.02.17"]
[Round "2"]
[White "Musson, Adam J"]
[Black "Fowler, Hugo"]
[Result "1-0"]
[WhiteElo "2020"]
[BlackElo "1786"]
[PlyCount "63"]
[EventDate "2018.??.??"]

1. d4 Nf6 2. c4 g6 3. Nc3 d5 4. Nf3 Bg7 5. Qb3 dxc4 6. Qxc4 O-O 7. e4 a6 8. Be2
b5 9. Qb3 c5 10. dxc5 Bb7 11. Be3 Nxe4 12. Nxe4 Bxe4 13. O-O Qc7 14. a4 bxa4
15. Rxa4 Bc6 16. Ra3 Rd8 17. Ng5 Bd5 18. Bc4 e6 19. Bxd5 Rxd5 20. Qc2 Nc6 21.
Ne4 Nb4 22. Qc4 Rb8 23. Nc3 Bxc3 24. Rxc3 Rb5 25. Rb3 Nc6 26. Rxb5 axb5 27.
Qxb5 Nd4 28. Bxd4 Rxd4 29. c6 Rd5 30. Qc4 Qb6 31. c7 Rc5 32. c8=Q+ 1-0

[Event "Dyfed Open"]
[Site "?"]
[Date "2018.02.17"]
[Round "2"]
[White "Fowler, Caspian"]
[Black "French, Max"]
[Result "0-1"]
[WhiteElo "1370"]
[BlackElo "1997"]
[PlyCount "66"]
[EventDate "2018.??.??"]

1. e4 c6 2. d4 d5 3. Nc3 dxe4 4. Nxe4 Bf5 5. Ng3 Bg6 6. h4 h6 7. Nh3 e6 8. Nf4
Bh7 9. c3 Nf6 10. Bc4 Bd6 11. Qf3 O-O 12. Nfh5 Nbd7 13. O-O Nxh5 14. Qxh5 Bg6
15. Qg4 Nf6 16. Qf3 Rc8 17. Be3 b5 18. Bb3 Qe7 19. Rfe1 Rfd8 20. Rad1 Rd7 21.
a3 Qd8 22. a4 a6 23. Rd2 Be7 24. h5 Bh7 25. Red1 Qa5 26. Ra1 Qc7 27. Bf4 Qb6
28. a5 Qb7 29. Rad1 Rcd8 30. Ba2 b4 31. Re1 Qb5 32. Bb3 bxc3 33. Qxc3 Bb4 0-1